Coliforms and E. coli : problem or solution?

Αποθηκεύτηκε σε:
Λεπτομέρειες βιβλιογραφικής εγγραφής
Συλλογικό Έργο: International Conference on Coliforms and E. coli: problem or solution? : Leeds, England, Royal Society of Chemistry (Great Britain)
Άλλοι συγγραφείς: Kay, David 1953- (Επιμελητής έκδοσης), Fricker, Colin (Επιμελητής έκδοσης)
Μορφή: Πρακτικό Συνεδρίου Βιβλίο
Γλώσσα:English
Δημοσίευση: London : Royal Society of Chemistry, 1997
Σειρά:Royal Society of Chemistry ; ; 191
Θέματα:
Ετικέτες: Προσθήκη ετικέτας
Δεν υπάρχουν, Καταχωρήστε ετικέτα πρώτοι!

MARC

LEADER 00000nam a2200000 i 4500
001 1/2241
008 000424s1997 eng d
020 |a 0-85404-771-9 
035 |l 10060332 
040 |a GR-MY-UA  |b gre  |e aacr 
041 0 |a eng 
082 0 |a 579.342 
111 2 |a International Conference on Coliforms and E. coli: problem or solution?  |d (1995  |c : Leeds, England) 
245 1 0 |a Coliforms and E. coli :  |b problem or solution? /  |c Edited by David Kay; Colin Fricker 
260 |a London :   |b Royal Society of Chemistry,   |c 1997 
300 |a 267 p.  |b fig. 
490 1 |a Royal Society of Chemistry  |v ; 191 
500 |a The proccedings of the International Conference sponsored by the Water Chemistry Forum of The Royal Society of Chemistry, the Chartered Institution of Water and Environmental Management, Yorkshire Water plc, and Thames Water plc on Coliforms and E. coli: problem or solution?, held at Univesrity of Leeds, 24-27 September 1995 
504 |a Includes bibliographical references and index 
650 0 0 |a Escherichia coli. 
700 1 |a Kay, David  |d 1953-  |4 edt 
700 1 |a Fricker, Colin.  |4 edt 
710 2 |a Royal Society of Chemistry (Great Britain) 
830 0 |a Royal Society of Chemistry ;  |v ; 191 
852 |a INST  |b LESVOS  |e 20000424  |h 579.342 INT  |p 005100024412  |q 005100024412  |t BK  |y 0 
901 |a BIBL1-2000-2 
909 |a Λ  |b 077534 
922 |a 1ΕΛΗ  |b 200003  |c ΚΠΣ/ΤΕΘ  |d ΠΑΠΑΣΩΤΗΡΙΟΥ 
950 |a 134-2000-01-28 
970 |a ΚΑΜΑΤΣΟΥ  |b ΔΕΣΠΟΙΝΑ  |z 2000/05/19